| 000 | 00844nam a2200217Ia 4500 | ||
|---|---|---|---|
| 999 |
_c40294 _d40294 |
||
| 001 | 6902 | ||
| 003 | GE_BSU | ||
| 005 | 20200203103428.0 | ||
| 008 | 181216s1983||||ge |||||||||||||| ||geo|| | ||
| 040 | _cGE_BSU | ||
| 041 | _ageo | ||
| 080 | _a821.353.1-31 გ-69 | ||
| 100 |
_aგორგილაძე, მიხეილ. _96562 |
||
| 245 |
_aბედთან ჭიდილი : _bრომანი / _cმიხეილ გორგილაძე ; რედ. გ. მოისწრაფიშვილი. |
||
| 264 |
_aბათუმი : _bსაბჭ.აჭარა, _c1983. |
||
| 300 |
_a226 გვ. ; _c20 სმ. |
||
| 653 | _aბედთან ჭიდილი | ||
| 653 | _aრომანი | ||
| 700 |
_aმოისწრაფიშვილი, გ. _eრედაქტორი _94489 |
||
| 942 |
_cBK _2udc |
||